000
00205nam a2200085Ia 4500
008
170620s9999 xx 000 0 und d
100
_a
Venkatachaliah- J.M.N.
245
0
_a
Tha Indian Penal Cord
260
_b
Lexis Nexis
260
_c
2013
999
_c
29711
_d
29711